Приходно-расходные ведомости Московского университета за 1831 год

Доступно только в Электронных читальных залах Найти на картеНа карте
RUSMARC
00003973nmc2a22002653x 450
0016762721c-c5a1-4684-988c-41898d7a8b22
00520251112234848.0
100##$a20250624l18311831k l0rusy0189 ca
1010#$arus
102##$aRU
105##$ay###
1222#$ad
2001#$aПриходно-расходные ведомости Московского университета за 1831 год
$j1831 г.
215##$a60 л.
$d36,5х26 см
251##$cДело
300##$aДело
300##$aОриг. заголовок дела: Отчет от Императорского Московского университета о приходе и расходе сумм по нему за 1831 год. 1831 г
371##$aДокумент не является опубликованным и широко распространяемым
461#0$1001a74412a3-3cc5-4d21-8f0a-dfe2fbd9e72d
$12001
$aДепартамент народного просвещения Министерства народного просвещения (1803-1917)
$1251
$cФонд
$1852
$j733
462#0$10018ef65381-21af-4462-9683-443387655f7a
$12001
$aДела счетного отделения Департамента народного просвещения за 1803-1831 годы
$1251
$cОпись
$1852
$j110
5171#$aОтчет от Императорского Московского университета о приходе и расходе сумм по нему за 1831 год. 1831 г
801#0$aRU
$bРГИА
$c20250624
$gRCR
801#1$aRU
$bГлавНИВЦ
$c20250624
$2rusmarc
801#2$aRU
$bПБ им. Б.Н. Ельцина
$c20251112
$gRCR
$2rusmarc
850##$aРГИА
852##$aРГИА
$eФедеральное казенное учреждение "Российский государственный исторический архив" (РГИА)
$j40
937##$hРГИА
$d12091707
$aASBIBLIO_SCAN
035##$aRusGRCC00087182
856##$uhttp://readingroom.main.prlib.ru/item.aspx?id_node=n198993015&mode=full
Формат отображения